[Event "Titled Tuesday intern op 15th June"]
[Site "Chess.com INT"]
[Date "2021.06.15"]
[Round "5"]
[White "Novikov, Evgenij"]
[Black "Skalik, Przemyslaw"]
[Result "0-1"]
[WhiteElo "2276"]
[BlackElo "2367"]
[PlyCount "106"]
[EventDate "2021.06.15"]
[EventType "swiss (blitz)"]
[EventRounds "11"]
[EventCountry "USA"]
[SourceTitle "CBM 203 Extra"]
[Source "ChessBase"]
[SourceDate "2021.09.30"]
[SourceVersion "1"]
[SourceVersionDate "2021.09.30"]
[SourceQuality "1"]

1. d4 d5 2. c4 dxc4 3. e3 Nf6 4. Bxc4 e6 5. Nf3 c5 6. 0-0 a6 7. Qe2 Nc6 8. Rd1 b5 9. Bb3 c4 10. Bc2 Nb4 11. b3 Nxc2 12. Qxc2 cxb3 13. axb3 Bb7 14. Nbd2 Rc8 15. Qd3 Bb4 16. Bb2 0-0 17. Rac1 Qd5 18. Rxc8 Rxc8 19. Rc1 Rxc1+ 20. Bxc1 Ne4 21. Nxe4 Qxe4 22. Qxe4 Bxe4 23. Bd2 Bd6 24. b4 f6 25. Bc3 Kf7 26. Nd2 Bc2 27. f3 g5 28. g3 h5 29. Kf2 g4 30. fxg4 hxg4 31. e4 f5 32. Ke3 Bf8 33. d5 Bh6+ 34. Ke2 fxe4 35. d6 Bd3+ 36. Ke1 Bc2 37. Ke2 Ke8 38. Be5 Kd7 39. Bf4 Bg7 40. Ke3 e5 41. Bg5 Kxd6 42. Nxe4+ Kd5 43. Nf2 Bf5 44. h4 gxh3 45. g4 Be6 46. Nxh3 Bxg4 47. Nf2 Bf5 48. Be7 Kc4 49. Ne4 Bh6+ 50. Kf3 Bxe4+ 51. Kxe4 Bd2 52. Kxe5 Bxb4 53. Bd8 a5 0-1

[Event "Titled Tuesday intern op 15th June"]
[Site "Chess.com INT"]
[Date "2021.06.15"]
[Round "1"]
[White "Skalik, Przemyslaw"]
[Black "Vazquez, Facundo"]
[Result "0-1"]
[WhiteElo "2367"]
[BlackElo "2199"]
[PlyCount "108"]
[EventDate "2021.06.15"]
[EventType "swiss (blitz)"]
[EventRounds "11"]
[EventCountry "USA"]
[SourceTitle "CBM 203 Extra"]
[Source "ChessBase"]
[SourceDate "2021.09.30"]
[SourceVersion "1"]
[SourceVersionDate "2021.09.30"]
[SourceQuality "1"]

1. Nf3 Nf6 2. c4 g6 3. Nc3 Bg7 4. e4 d6 5. d4 0-0 6. Be2 e5 7. Be3 Ng4 8. Bg5 f6 9. Bh4 g5 10. Bg3 Nh6 11. dxe5 dxe5 12. 0-0 c6 13. Qxd8 Rxd8 14. Rfd1 Rxd1+ 15. Rxd1 Nf7 16. Nd2 Be6 17. Nf1 Na6 18. Ne3 Nc5 19. b4 Nxe4 20. Nxe4 f5 21. Nc5 Bc8 22. f3 f4 23. Bf2 fxe3 24. Bxe3 Bf8 25. b5 Bxc5 26. Bxc5 b6 27. Be3 c5 28. Bd3 Be6 29. Be4 Rb8 30. Bd5 Rd8 31. Kf2 Bxd5 32. cxd5 h6 33. g3 Kg7 34. f4 exf4 35. gxf4 Nd6 36. fxg5 hxg5 37. a4 Rf8+ 38. Kg2 Rf5 39. Bf2 Rf7 40. Bg3 Nf5 41. Be5+ Kg6 42. Re1 Rd7 43. d6 Kf7 44. Kf3 Nxd6 45. Kg4 Kg6 46. Rd1 Nf7 47. Re1 Re7 48. Bg3 Rxe1 49. Bxe1 Nh6+ 50. Kf3 Nf5 51. Ke4 Kf6 52. Kd5 Ne3+ 53. Kc6 Nc4 54. Kb7 Nb2 0-1

[Event "Titled Tuesday intern op 08th June"]
[Site "Chess.com INT"]
[Date "2021.06.08"]
[Round "2"]
[White "Skalik, Przemyslaw"]
[Black "Khater, Sherif"]
[Result "0-1"]
[WhiteElo "2367"]
[BlackElo "2012"]
[PlyCount "118"]
[EventDate "2021.06.08"]
[EventType "swiss (blitz)"]
[EventRounds "11"]
[EventCountry "USA"]
[SourceTitle "CBM 202 Extra"]
[Source "ChessBase"]
[SourceDate "2021.07.31"]
[SourceVersion "1"]
[SourceVersionDate "2021.07.31"]
[SourceQuality "1"]

1. Nf3 d5 2. d4 c6 3. c4 Nf6 4. Nc3 e6 5. e3 Nbd7 6. Qc2 Bd6 7. Bd3 0-0 8. 0-0 e5 9. cxd5 cxd5 10. e4 exd4 11. Nxd5 Nxd5 12. exd5 Nf6 13. Nxd4 Nxd5 14. Bxh7+ Kh8 15. Be4 Nb4 16. Qe2 Qh4 17. g3 Qh3 18. Bg2 Qh7 19. Nb5 Bc5 20. Bf4 Qd3 21. Rfe1 Qxe2 22. Rxe2 Bf5 23. Bd6 Rfc8 24. Bxc5 Rxc5 25. Nd6 Rb8 26. Nxb7 Rc7 27. Nd6 Bg6 28. b3 a5 29. Be4 Bxe4 30. Nxe4 Kg8 31. Rd2 Re8 32. Nd6 Rd8 33. Rad1 Rcd7 34. a3 Nc6 35. Nc4 Rxd2 36. Rxd2 Rb8 37. Rd3 Rc8 38. Nd2 Ne5 39. Re3 f6 40. f4 Ng4 41. Rd3 Rc2 42. h3 Nh6 43. Kg2 Nf5 44. Kf3 Ra2 45. Nc4 Ne7 46. Nxa5 Rxa3 47. Nc4 Ra2 48. g4 g5 49. fxg5 fxg5 50. Ke4 Kf7 51. Ke5 Re2+ 52. Kd6 Ng6 53. b4 Nf4 54. Rd4 Re6+ 55. Kd7 Nxh3 56. Nd6+ Kf6 57. b5 Re7+ 58. Kd8 Nf4 59. b6 Ne6+ 0-1

[Event "Titled Tuesday intern op 01st June"]
[Site "Chess.com INT"]
[Date "2021.06.01"]
[Round "11"]
[White "Zhukova, Natalia"]
[Black "Skalik, Przemyslaw"]
[Result "1-0"]
[WhiteElo "2336"]
[BlackElo "2367"]
[PlyCount "81"]
[EventDate "2021.06.01"]
[EventType "swiss (blitz)"]
[EventRounds "11"]
[EventCountry "USA"]
[SourceTitle "CBM 202 Extra"]
[Source "ChessBase"]
[SourceDate "2021.07.31"]
[SourceVersion "1"]
[SourceVersionDate "2021.07.31"]
[SourceQuality "1"]

1. c4 e6 2. Nc3 d5 3. d4 Nf6 4. cxd5 exd5 5. Bg5 c6 6. e3 Be7 7. Bd3 Nbd7 8. Nge2 Nf8 9. Qc2 Ne6 10. Bh4 g6 11. f3 0-0 12. g4 a6 13. Bf2 c5 14. dxc5 Nxc5 15. h4 Be6 16. h5 Rc8 17. hxg6 Nxd3+ 18. Qxd3 hxg6 19. Nf4 Kg7 20. g5 Nh7 21. Qd4+ Kg8 22. Rxh7 Kxh7 23. Ke2 Bxg5 24. Rh1+ Bh6 25. Nfxd5 Bxd5 26. Nxd5 Rc6 27. e4 Re6 28. Be3 g5 29. e5 Rg8 30. Nf6+ Rxf6 31. exf6 Qxd4 32. Bxd4 Kg6 33. Rc1 Rd8 34. Kd3 Rd7 35. Rc8 Kh7 36. Ke4 g4 37. fxg4 Bg5 38. Be5 Kg6 39. Rg8+ Kh6 40. Kf5 Bc1 41. Rh8# 1-0

[Event "Titled Tuesday intern op 25th May"]
[Site "Chess.com INT"]
[Date "2021.05.25"]
[Round "5"]
[White "Skalik, Przemyslaw"]
[Black "Poobesh Anand, Selvaraj"]
[Result "1-0"]
[WhiteElo "2367"]
[BlackElo "2389"]
[PlyCount "99"]
[EventDate "2021.05.25"]
[EventType "swiss (blitz)"]
[EventRounds "11"]
[EventCountry "USA"]
[SourceTitle "CBM 203 Extra"]
[Source "ChessBase"]
[SourceDate "2021.09.30"]
[SourceVersion "1"]
[SourceVersionDate "2021.09.30"]
[SourceQuality "1"]

1. Nf3 c6 2. d4 d5 3. c4 Nf6 4. Nc3 e6 5. e3 Nbd7 6. Qc2 Bd6 7. Bd3 dxc4 8. Bxc4 b5 9. Be2 Bb7 10. 0-0 0-0 11. e4 e5 12. dxe5 Nxe5 13. Nd4 b4 14. Nf5 bxc3 15. Rd1 Ne8 16. Qxc3 Qf6 17. f4 Ng6 18. Qxf6 Nxf6 19. Nxd6 Rab8 20. Be3 Bc8 21. b3 Bg4 22. Kf2 Rfd8 23. Bf3 Rd7 24. Rd2 Rbd8 25. Rad1 Nh4 26. Nc4 Nxe4+ 27. Bxe4 Bxd1 28. Rxd7 Rxd7 29. Bxc6 Rd8 30. Bxa7 Nf5 31. Bb6 Rc8 32. Be4 Ne7 33. a4 Bxb3 34. Nd6 Rb8 35. a5 Nd5 36. Bxd5 Bxd5 37. g3 Kf8 38. Ke3 Ke7 39. Nb5 Bc4 40. Nd4 Kd6 41. Nf5+ Kc6 42. Nxg7 Rxb6 43. axb6 Kxb6 44. Kd4 Bf1 45. Ke5 Bc4 46. Kf6 Kc7 47. Nf5 Kd8 48. Nd6 Be6 49. Nxf7+ Bxf7 50. Kxf7 1-0

[Event "Titled Tuesday intern op 18th May"]
[Site "Chess.com INT"]
[Date "2021.05.18"]
[Round "8"]
[White "Djokic, Mihailo"]
[Black "Skalik, Przemyslaw"]
[Result "1-0"]
[WhiteElo "2129"]
[BlackElo "2367"]
[PlyCount "85"]
[EventDate "2021.05.18"]
[EventType "swiss (blitz)"]
[EventRounds "11"]
[EventCountry "USA"]
[SourceTitle "CBM 202 Extra"]
[Source "ChessBase"]
[SourceDate "2021.07.31"]
[SourceVersion "1"]
[SourceVersionDate "2021.07.31"]
[SourceQuality "1"]

1. e4 c6 2. d4 d5 3. e5 Bf5 4. h4 h5 5. Bg5 Qb6 6. Bd3 Bxd3 7. Qxd3 e6 8. Nd2 Qa6 9. c4 Ne7 10. Ne2 Nf5 11. b3 Bb4 12. 0-0 Bxd2 13. Qxd2 dxc4 14. Ng3 Nxg3 15. fxg3 b6 16. Qe1 cxb3 17. Qf2 Qb7 18. axb3 a5 19. Rac1 Na6 20. Rc3 Nb4 21. Kh2 Rc8 22. Rf3 Rc7 23. Qe3 Rd7 24. Qf4 Nd5 25. Qe4 b5 26. Bd2 Qb6 27. Ra1 b4 28. Bg5 Ra7 29. Rc1 Nc3 30. Qd3 Nd5 31. Rc5 Qa6 32. Qc2 Rc7 33. Rf1 0-0 34. Rc1 Ra8 35. Ra1 Nc3 36. Bd2 Qe2 37. Re1 Qf2 38. Qd3 Nd5 39. Rf1 Qxf1 40. Qxf1 a4 41. bxa4 Rxa4 42. Qc4 Ra2 43. Qxa2 1-0

[Event "Titled Tuesday intern op 11th May"]
[Site "Chess.com INT"]
[Date "2021.05.11"]
[Round "8"]
[White "Baker, Chris W"]
[Black "Skalik, Przemyslaw"]
[Result "1-0"]
[WhiteElo "2227"]
[BlackElo "2367"]
[PlyCount "55"]
[EventDate "2021.05.11"]
[EventType "swiss (blitz)"]
[EventRounds "11"]
[EventCountry "USA"]
[SourceTitle "CBM 202 Extra"]
[Source "ChessBase"]
[SourceDate "2021.07.31"]
[SourceVersion "1"]
[SourceVersionDate "2021.07.31"]
[SourceQuality "1"]

1. e4 e5 2. Nf3 Nc6 3. Bc4 Bc5 4. 0-0 Nf6 5. d4 Bxd4 6. Nxd4 Nxd4 7. f4 d6 8. c3 Be6 9. Bd3 Nc6 10. f5 Bd7 11. Bg5 Ne7 12. Nd2 c6 13. Qe2 Qc7 14. b4 d5 15. Bxf6 gxf6 16. Qh5 c5 17. exd5 Nxd5 18. Ne4 cxb4 19. c4 Qb6+ 20. c5 Qc6 21. Bb5 Qc7 22. Nd6+ Kd8 23. Nxf7+ Kc8 24. Bxd7+ Kxd7 25. Nxh8 Qxc5+ 26. Kh1 Rxh8 27. Qf7+ Kc6 28. Rac1 1-0

[Event "Titled Tuesday intern op 11th May"]
[Site "Chess.com INT"]
[Date "2021.05.11"]
[Round "1"]
[White "Klimkowski, Jan"]
[Black "Skalik, Przemyslaw"]
[Result "1-0"]
[WhiteElo "2296"]
[BlackElo "2367"]
[PlyCount "109"]
[EventDate "2021.05.11"]
[EventType "swiss (blitz)"]
[EventRounds "11"]
[EventCountry "USA"]
[SourceTitle "CBM 202 Extra"]
[Source "ChessBase"]
[SourceDate "2021.07.31"]
[SourceVersion "1"]
[SourceVersionDate "2021.07.31"]
[SourceQuality "1"]

1. e4 e5 2. Nf3 Nc6 3. Bb5 Nf6 4. 0-0 Nxe4 5. d4 Nd6 6. Bxc6 dxc6 7. dxe5 Nf5 8. Qxd8+ Kxd8 9. Rd1+ Ke8 10. Nc3 Be7 11. h3 h5 12. Bg5 Be6 13. Rd2 Rd8 14. Rad1 Rxd2 15. Rxd2 h4 16. a3 Rh5 17. Bxe7 Kxe7 18. b4 Rh8 19. Kf1 a5 20. Nd4 axb4 21. axb4 Ra8 22. Nxf5+ Bxf5 23. b5 Ra3 24. bxc6 bxc6 25. Nd1 Ke6 26. Ne3 Be4 27. Rd4 Kxe5 28. Rd7 Ke6 29. Rxc7 g5 30. f3 Bg6 31. Rxc6+ Kd7 32. Rd6+ Kc7 33. Kf2 Kxd6 34. Nc4+ Kc5 35. Nxa3 Kb4 36. Nb1 Bxc2 37. Nd2 Kc3 38. Ke3 f5 39. Ke2 Bd3+ 40. Ke1 Kd4 41. Kf2 Kc3 42. Ke1 f4 43. Kd1 Bf5 44. Ke2 Bd3+ 45. Kd1 Kd4 46. Ke1 Ke3 47. Nb3 Bc4 48. Nd2 Bd5 49. Nf1+ Kd3 50. Kf2 Bb3 51. Nh2 Be6 52. Ke1 Ke3 53. Nf1+ Kd3 54. Nd2 Bd5 55. Nb1 1-0

[Event "POL-chT 69th"]
[Site "Poland"]
[Date "2013.05.26"]
[Round "3"]
[White "Skalik, Przemyslaw"]
[Black "Socko, Bartosz"]
[Result "0-1"]
[WhiteElo "2372"]
[BlackElo "2647"]
[PlyCount "48"]
[EventDate "2013.05.24"]
[EventType "team-tourn"]
[EventRounds "9"]
[EventCountry "POL"]
[SourceTitle "CBM 154 Extra"]
[Source "ChessBase"]
[SourceDate "2013.06.25"]
[SourceVersion "2"]
[SourceVersionDate "2013.06.25"]
[SourceQuality "1"]
[WhiteTeam "Kozuchow Odrodzenie"]
[BlackTeam "Katowice"]
[WhiteTeamCountry "POL"]
[BlackTeamCountry "POL"]

1. d4 Nf6 2. c4 e6 3. Nc3 Bb4 4. Qc2 0-0 5. a3 Bxc3+ 6. Qxc3 d6 7. Bg5 Nbd7 8. e3 b6 9. Ne2 c5 10. Qc2 Ba6 11. dxc5 Nxc5 12. Nc3 Rc8 13. Be2 Ncd7 14. Qa4 Nc5 15. Qd1 h6 16. Bxf6 Qxf6 17. 0-0 Nb7 18. Qa4 Na5 19. Rac1 Bxc4 20. Bxc4 Nxc4 21. Qxa7 d5 22. Qa6 Qe5 23. Na4 Qe4 24. Qb5 Nxe3 0-1

[Event "POL-chT 69th"]
[Site "Poland"]
[Date "2013.05.24"]
[Round "1"]
[White "Skalik, Przemyslaw"]
[Black "Murdzia, Piotr"]
[Result "0-1"]
[WhiteElo "2372"]
[BlackElo "2462"]
[PlyCount "54"]
[EventDate "2013.05.24"]
[EventType "team-tourn"]
[EventRounds "9"]
[EventCountry "POL"]
[SourceTitle "CBM 154 Extra"]
[Source "ChessBase"]
[SourceDate "2013.06.25"]
[SourceVersion "2"]
[SourceVersionDate "2013.06.25"]
[SourceQuality "1"]
[WhiteTeam "Kozuchow Odrodzenie"]
[BlackTeam "Ostroda"]
[WhiteTeamCountry "POL"]
[BlackTeamCountry "POL"]

1. d4 d5 2. c4 c6 3. Nc3 Nf6 4. e3 e6 5. Nf3 Nbd7 6. Qc2 Bd6 7. Bd2 0-0 8. h3 Re8 9. 0-0-0 c5 10. Kb1 a6 11. cxd5 exd5 12. dxc5 Nxc5 13. Nd4 Bd7 14. f3 Rc8 15. Rc1 b5 16. a3 Qb6 17. g4 b4 18. axb4 Ne6 19. Nf5 Bxb4 20. Bd3 g6 21. Nh6+ Kg7 22. Rhg1 Kxh6 23. g5+ Nxg5 24. Rxg5 Bxc3 25. Bxc3 Rxc3 26. Qxc3 Kxg5 27. e4 Kh6 0-1

[Event "POL-chT 1st League"]
[Site "Poronin"]
[Date "2012.09.??"]
[Round "3"]
[White "Skalik, Przemyslaw"]
[Black "Jaroch, Karol"]
[Result "1-0"]
[WhiteElo "2365"]
[BlackElo "2238"]
[PlyCount "81"]
[EventDate "2012.09.01"]
[EventType "team-tourn"]
[EventRounds "9"]
[EventCountry "POL"]
[SourceTitle "EXT 2013"]
[Source "ChessBase"]
[SourceDate "2012.11.22"]
[SourceVersion "1"]
[SourceVersionDate "2012.11.22"]
[SourceQuality "1"]
[WhiteTeam "Kozuchow Odrodzenie"]
[BlackTeam "Pawlowice GKS Pniowek 74"]
[WhiteTeamCountry "POL"]
[BlackTeamCountry "POL"]

1. Nf3 Nf6 2. c4 g6 3. Nc3 Bg7 4. e4 d6 5. d4 0-0 6. Be2 e5 7. 0-0 Nc6 8. d5 Ne7 9. b4 a5 10. bxa5 Nd7 11. Nd2 Rxa5 12. Nb3 Ra8 13. a4 f5 14. a5 fxe4 15. Nxe4 Nf5 16. Bg5 Qe8 17. Bd3 h6 18. Bd2 Qf7 19. Qc2 Kh7 20. Rae1 Nf6 21. f4 Nxe4 22. Rxe4 exf4 23. Bxf4 Re8 24. Rxe8 Qxe8 25. Qd2 Bd7 26. Re1 Qf7 27. Rf1 Qe7 28. Qb4 Rf8 29. h3 Bc8 30. Qd2 Kh8 31. Re1 Qh4 32. Rf1 g5 33. Bh2 g4 34. hxg4 Qxg4 35. Rf4 Qg5 36. Qf2 Be5 37. Rf3 Bxh2+ 38. Kxh2 Kg7 39. Nd4 Nxd4 40. Rxf8 Qg4 41. Qf7# 1-0

[Event "POL-chT 1st League"]
[Site "Poronin"]
[Date "2012.09.??"]
[Round "4"]
[White "Stankiewicz, Pawel"]
[Black "Skalik, Przemyslaw"]
[Result "1/2-1/2"]
[WhiteElo "2105"]
[BlackElo "2365"]
[PlyCount "97"]
[EventDate "2012.09.01"]
[EventType "team-tourn"]
[EventRounds "9"]
[EventCountry "POL"]
[SourceTitle "EXT 2013"]
[Source "ChessBase"]
[SourceDate "2012.11.22"]
[SourceVersion "1"]
[SourceVersionDate "2012.11.22"]
[SourceQuality "1"]
[WhiteTeam "Wroclaw Polonia"]
[BlackTeam "Kozuchow Odrodzenie"]
[WhiteTeamCountry "POL"]
[BlackTeamCountry "POL"]

1. e4 e5 2. Nf3 Nc6 3. Bb5 Nf6 4. 0-0 Nxe4 5. d4 Nd6 6. Bxc6 dxc6 7. dxe5 Nf5 8. Qe2 Nd4 9. Nxd4 Qxd4 10. c3 Bg4 11. cxd4 Bxe2 12. Re1 Bg4 13. Nc3 0-0-0 14. Be3 Be7 15. f3 Be6 16. Rad1 a5 17. a3 Rd7 18. Ne4 Rhd8 19. Rc1 Rxd4 20. Bxd4 Rxd4 21. Kf2 Bd5 22. Red1 Rxe4 23. fxe4 Bxe4 24. b4 axb4 25. axb4 b5 26. Rd4 Bd5 27. Rcd1 Be6 28. Rc1 Kb7 29. Kf3 Kb6 30. Ke4 h5 31. g3 h4 32. gxh4 Bxh4 33. Rd3 Be7 34. Rd4 g6 35. Rc3 Bf8 36. Rc1 Bf5+ 37. Kf3 Bg7 38. Rc5 Be6 39. Rd1 Bf8 40. Rdc1 Bxc5 41. Rxc5 g5 42. Ke4 Kb7 43. Rc3 Kb6 44. Kd4 g4 45. Rc2 Bb3 46. Rg2 Be6 47. Rc2 Bc4 48. Rc3 Be6 49. Rc5 1/2-1/2

[Event "POL-chT"]
[Site "Wroclaw"]
[Date "2011.09.02"]
[Round "4.4"]
[White "Shkapenko, Pavel"]
[Black "Skalik, Przemyslaw"]
[Result "0-1"]
[WhiteElo "2419"]
[BlackElo "2375"]
[PlyCount "90"]
[EventDate "2011.05.06"]
[EventType "team-tourn"]
[EventRounds "9"]
[EventCountry "POL"]
[SourceTitle "EXT 2012"]
[Source "ChessBase"]
[SourceDate "2011.11.24"]
[SourceVersion "1"]
[SourceVersionDate "2011.11.24"]
[SourceQuality "1"]
[WhiteTeam "Pultusk Nadnarwianka"]
[BlackTeam "Kozuchow Odrodzenie"]
[WhiteTeamCountry "POL"]
[BlackTeamCountry "POL"]

1. e4 c6 2. c4 d5 3. exd5 cxd5 4. d4 Nf6 5. Nc3 e6 6. c5 Be7 7. Nf3 0-0 8. Bd3 b6 9. b4 a5 10. Na4 Nbd7 11. a3 axb4 12. axb4 bxc5 13. bxc5 e5 14. Nxe5 Nxe5 15. dxe5 Ne4 16. 0-0 Nxc5 17. Bb5 d4 18. Bf4 Ra5 19. Rb1 Nxa4 20. Bxa4 Bf5 21. Rb5 d3 22. Rxa5 Qxa5 23. Bc6 g5 24. Bd2 Qxe5 25. Re1 Qc5 26. h4 gxh4 27. Qf3 Bg6 28. Bd5 Rd8 29. Bb3 Bg5 30. Rc1 Qe5 31. Bc3 d2 32. Ra1 Qf4 33. Qxf4 Bxf4 34. Bf6 Re8 35. Bc3 Rc8 36. Bf6 Rc1+ 37. Bd1 Rxd1+ 38. Rxd1 Bc2 39. Rxd2 Bxd2 40. Bxh4 Kg7 41. f3 Be3+ 42. Kh2 f5 43. g3 Kf7 44. Bd8 Ke6 45. Kh3 Bd1 0-1

[Event "POL-chT 1st League"]
[Site "Katowice"]
[Date "2010.09.09"]
[Round "6"]
[White "Skalik, Przemyslaw"]
[Black "Wlodarczyk, Oskar"]
[Result "1/2-1/2"]
[WhiteElo "2369"]
[BlackElo "2318"]
[PlyCount "68"]
[EventDate "2010.09.04"]
[EventType "team-tourn"]
[EventRounds "9"]
[EventCountry "POL"]
[SourceTitle "EXT 2019"]
[Source "ChessBase"]
[SourceDate "2018.10.10"]
[SourceVersion "1"]
[SourceVersionDate "2018.10.10"]
[SourceQuality "1"]
[WhiteTeam "Kozuchow Odrodzenie"]
[BlackTeam "Ostrow Wielkopolski"]
[WhiteTeamCountry "POL"]
[BlackTeamCountry "POL"]

1. Nf3 Nf6 2. c4 e6 3. Nc3 c5 4. g3 b6 5. Bg2 Bb7 6. 0-0 Be7 7. d4 cxd4 8. Qxd4 d6 9. Bg5 a6 10. Rfd1 Nbd7 11. Qd2 Rc8 12. b3 0-0 13. Rac1 Re8 14. Bf4 d5 15. cxd5 exd5 16. Qb2 b5 17. e4 dxe4 18. Ne5 Bb4 19. Nxe4 Rxc1 20. Qxc1 Bxe4 21. Bxe4 Nxe4 22. Rxd7 Qb6 23. Be3 Qe6 24. Bd4 Bc5 25. Bxc5 Qxe5 26. Be3 h5 27. Qc7 Qf5 28. Rd8 Rxd8 29. Qxd8+ Kh7 30. a4 Nf6 31. axb5 axb5 32. Qd1 Ng4 33. Bd4 h4 34. h3 Nh6 1/2-1/2

[Event "POL-chT 1st League"]
[Site "Katowice"]
[Date "2010.09.05"]
[Round "2"]
[White "Skalik, Przemyslaw"]
[Black "Chalupnik, Marcin"]
[Result "1-0"]
[WhiteElo "2369"]
[BlackElo "2247"]
[PlyCount "28"]
[EventDate "2010.09.04"]
[EventType "team-tourn"]
[EventRounds "9"]
[EventCountry "POL"]
[SourceTitle "EXT 2019"]
[Source "ChessBase"]
[SourceDate "2018.10.10"]
[SourceVersion "1"]
[SourceVersionDate "2018.10.10"]
[SourceQuality "1"]
[WhiteTeam "Kozuchow Odrodzenie"]
[BlackTeam "Warszawa YMCA"]
[WhiteTeamCountry "POL"]
[BlackTeamCountry "POL"]

1. Nf3 Nf6 2. c4 g6 3. Nc3 Bg7 4. e4 d6 5. d4 0-0 6. Be2 e5 7. Be3 Ng4 8. Bg5 f6 9. Bh4 Nc6 10. d5 Ne7 11. Nd2 Nh6 12. f3 g5 13. Bf2 f5 14. c5 g4 1-0

[Event "Lazy op-A 6th"]
[Site "Lazy"]
[Date "2010.06.29"]
[Round "3"]
[White "Skalik, Przemyslaw"]
[Black "Gluszko, Monika"]
[Result "1-0"]
[WhiteElo "2390"]
[BlackElo "2012"]
[PlyCount "97"]
[EventDate "2010.06.27"]
[EventType "swiss"]
[EventRounds "9"]
[EventCountry "POL"]
[SourceTitle "CBM 137 Extra"]
[Source "ChessBase"]
[SourceDate "2010.09.01"]
[SourceVersion "1"]
[SourceVersionDate "2010.09.01"]
[SourceQuality "1"]

1. Nf3 Nf6 2. c4 g6 3. Nc3 d5 4. cxd5 Nxd5 5. Qa4+ Bd7 6. Qh4 Nxc3 7. dxc3 Nc6 8. e4 e5 9. Bg5 Be7 10. Bc4 h6 11. Bxe7 Qxe7 12. Qg3 0-0-0 13. Nd2 Be6 14. Qe3 Kb8 15. b3 Rd6 16. Bxe6 Qxe6 17. Nc4 Rd7 18. 0-0 Rhd8 19. Qxh6 Rd3 20. Rac1 b5 21. Ne3 Rd2 22. a4 Qxb3 23. Nd5 Rb2 24. axb5 Qxb5 25. Qg7 Rd7 26. Qf8+ Kb7 27. Qe8 Nd8 28. Qxe5 Nc6 29. Qe8 Na5 30. Ne7 a6 31. c4 Nxc4 32. Qc8+ Ka7 33. Nd5 Nb6 34. Rxc7+ Rxc7 35. Qxc7+ Ka8 36. Qd8+ Kb7 37. Qc7+ Ka8 38. Nxb6+ Qxb6 39. Qxf7 a5 40. h4 Rb4 41. h5 gxh5 42. Qxh5 a4 43. e5 Rb5 44. Rd1 Qc5 45. Qe8+ Ka7 46. e6 a3 47. e7 Rb2 48. Qd7+ Ka6 49. Qd6+ 1-0

[Event "POL-chT 65th"]
[Site "Lublin"]
[Date "2009.09.19"]
[Round "8.9"]
[White "Pakleza, Zbigniew"]
[Black "Skalik, Przemyslaw"]
[Result "0-1"]
[WhiteElo "2506"]
[BlackElo "2387"]
[PlyCount "58"]
[EventDate "2009.09.12"]
[EventType "team-tourn"]
[EventRounds "9"]
[EventCountry "POL"]
[SourceTitle "EXT 2019"]
[Source "ChessBase"]
[SourceDate "2018.10.10"]
[SourceVersion "1"]
[SourceVersionDate "2018.10.10"]
[SourceQuality "1"]
[WhiteTeam "Plock PTSz"]
[BlackTeam "Kozuchow Odrodzenie"]
[WhiteTeamCountry "POL"]
[BlackTeamCountry "POL"]

1. d4 d5 2. Nf3 Nf6 3. Bf4 c5 4. e3 Nc6 5. c3 Qb6 6. Qb3 c4 7. Qc2 Bf5 8. Qc1 e6 9. Nbd2 Qd8 10. Be2 h6 11. 0-0 Bd6 12. Bxd6 Qxd6 13. b3 cxb3 14. axb3 0-0 15. c4 e5 16. dxe5 Nxe5 17. c5 Qe7 18. Nxe5 Qxe5 19. Nf3 Qc7 20. Nd4 Bd7 21. b4 a5 22. Qa3 axb4 23. Qxb4 Rfc8 24. h3 Ne4 25. Bf3 Rxa1 26. Rxa1 Nxc5 27. Bxd5 Qe5 28. Bxb7 Qb8 29. Ra7 Nxb7 0-1

[Event "POL-chT 65th"]
[Site "Lublin"]
[Date "2009.09.17"]
[Round "6.4"]
[White "Skalik, Przemyslaw"]
[Black "Jaracz, Pawel"]
[Result "1/2-1/2"]
[WhiteElo "2387"]
[BlackElo "2547"]
[PlyCount "28"]
[EventDate "2009.09.12"]
[EventType "team-tourn"]
[EventRounds "9"]
[EventCountry "POL"]
[SourceTitle "EXT 2019"]
[Source "ChessBase"]
[SourceDate "2018.10.10"]
[SourceVersion "1"]
[SourceVersionDate "2018.10.10"]
[SourceQuality "1"]
[WhiteTeam "Kozuchow Odrodzenie"]
[BlackTeam "Lublin UMCS"]
[WhiteTeamCountry "POL"]
[BlackTeamCountry "POL"]

1. Nf3 c5 2. c4 Nc6 3. d4 cxd4 4. Nxd4 Nf6 5. Nc3 e6 6. Bg5 Be7 7. e3 Qa5 8. Bh4 Ne4 9. Bxe7 Nxc3 10. Qd2 Nxe7 11. Nb5 0-0 12. Qxc3 Qxc3+ 13. Nxc3 b6 14. Be2 Bb7 1/2-1/2

[Event "POL-chT 65th"]
[Site "Lublin"]
[Date "2009.09.16"]
[Round "5.28"]
[White "Skalik, Przemyslaw"]
[Black "Fraczek, Daniel"]
[Result "1/2-1/2"]
[WhiteElo "2387"]
[BlackElo "2376"]
[PlyCount "45"]
[EventDate "2009.09.12"]
[EventType "team-tourn"]
[EventRounds "9"]
[EventCountry "POL"]
[SourceTitle "EXT 2019"]
[Source "ChessBase"]
[SourceDate "2018.10.10"]
[SourceVersion "1"]
[SourceVersionDate "2018.10.10"]
[SourceQuality "1"]
[WhiteTeam "Kozuchow Odrodzenie"]
[BlackTeam "Legnica Miedz"]
[WhiteTeamCountry "POL"]
[BlackTeamCountry "POL"]

1. Nf3 Nf6 2. c4 g6 3. Nc3 Bg7 4. e4 0-0 5. d4 d6 6. Be2 Na6 7. Be3 e5 8. d5 Ng4 9. Bg5 f6 10. Bh4 g5 11. Bg3 Nh6 12. Nd2 f5 13. exf5 Bxf5 14. Nde4 g4 15. a3 Qe8 16. b4 Qg6 17. Bd3 Nb8 18. Qe2 Nd7 19. 0-0 Nf6 20. Nxf6+ Bxf6 21. Be4 Bxe4 22. Qxe4 Nf5 23. f3 1/2-1/2

[Event "POL-chT 65th"]
[Site "Lublin"]
[Date "2009.09.12"]
[Round "1.16"]
[White "Skalik, Przemyslaw"]
[Black "Bobras, Piotr"]
[Result "0-1"]
[WhiteElo "2387"]
[BlackElo "2537"]
[PlyCount "64"]
[EventDate "2009.09.12"]
[EventType "team-tourn"]
[EventRounds "9"]
[EventCountry "POL"]
[SourceTitle "EXT 2019"]
[Source "ChessBase"]
[SourceDate "2018.10.10"]
[SourceVersion "1"]
[SourceVersionDate "2018.10.10"]
[SourceQuality "1"]
[WhiteTeam "Kozuchow Odrodzenie"]
[BlackTeam "Katowice Hetman Szopienice"]
[WhiteTeamCountry "POL"]
[BlackTeamCountry "POL"]

1. Nf3 Nf6 2. c4 g6 3. Nc3 d5 4. cxd5 Nxd5 5. Qa4+ Bd7 6. Qh4 Nxc3 7. bxc3 c5 8. Ne5 Bg7 9. Nxd7 Qxd7 10. g3 Nc6 11. Bh3 e6 12. 0-0 0-0 13. Qc4 b6 14. Bg2 Rac8 15. Rb1 Na5 16. Qa6 Rc7 17. Rb5 Rd8 18. Be4 Nc4 19. Bd3 Nd6 20. Rb1 c4 21. Bc2 Rc5 22. Qa3 e5 23. f3 Ra5 24. Qb2 Qh3 25. d3 Nf5 26. Rf2 Bf8 27. g4 Ba3 28. Qa1 Bc5 29. gxf5 cxd3 30. Bxd3 Qh4 31. e3 Rxd3 32. fxg6 Qg5+ 0-1